Visualizzazione normale
Vista MARC
- Coro Amici della Musica-Roma
di Personal Name
Records bibliografici associati: 1
001 - CONTROL NUMBER
- control field: 7664
003 - CONTROL NUMBER IDENTIFIER
- control field: IT-RoPau
005 - DATE AND TIME OF LATEST TRANSACTION
- control field: 20140105115214.0
008 - FIXED-LENGTH DATA ELEMENTS
- fixed length control field: 140105|| aca||aabn | a|a d
040 ## - CATALOGING SOURCE
- Original cataloging agency: IT-RoPau
- Transcribing agency: IT-RoPau
100 ## - HEADING--PERSONAL NAME
- Personal name: Coro Amici della Musica-Roma
- Dates associated with a name: Codice interprete SPICS: 14063
- Relator term: Interprete
670 ## - SOURCE DATA FOUND
- Source citation: Work cat.: (IT-RoPau)102740: AA.VV. 794, Canti della Patria (Lp Hit 30.218)